000 00376 a2200121 4500
001 ART_44827
005 20260410161850.0
008 260409a
245 1 0 _aComparing downpayment and interest rate mortgage subsidies
100 1 _aBebczuk, Ricardo
700 1 _aDemaestri, Edgardo
773 0 _tEconómica
_g- Año LXI, Nº 1/2 (ene./dic. 2015)
_wREV7541
999 _c24893
_d24893